000 00334nam a2200133Ia 4500
008 240624s9999 xx 000 0 und d
041 _aeng
082 _a828 COO
100 _aCOOK ROBIN
245 _aCHARLATANS DOCTORS DON T ALWAYS CURE THE
260 _c2017
_aNew Delhi
_bMacmillan
300 _a435 p.; 23 cm.
365 _cRS
_b31
999 _c29479
_d29479